000
00312nam a22001337a 4500
999
_c
15361
_d
15361
020
_a
9788126450787
082
_a
894.812 3
_b
BEN/AL
100
_a
Benyamin
_9
3043
245
_a
Al Arabian Novel Factory
260
_a
Kottayam
_b
D.C Books
_c
2017
300
_a
438
650
_a
Malayalam Fiction
_9
3040
942
_c
BK